000 00504nam a2200205Ia 4500
005 20240823015745.0
008 240823s9999||||xx |||||||||||||| ||und||
020 _a81-259-1435-8
041 _aENGLISH
082 _A621.3815 P9
100 _aSalivahanan S
245 0 _aDigital Circuits and Design
250 _a3rd
260 _c2009
_b"Vikas Pub.,New "
_aNew Delhi
500 _aTRANSFERED
650 _aDigital
_bInstrumentation
700 _a Arivazhagam S
942 _cBK
999 _c173168
_d173168